El ataúd de uso
Сохранить в:
| Главный автор: | |
|---|---|
| Формат: | Неизвестно |
| Язык: | Spanish |
| Опубликовано: |
Panamá:
Mariano Arosemena
1983
|
| Редактирование: | 1. edición |
| Серии: | Colección Ricardo Miró
|
| Предметы: | |
| Метки: |
Добавить метку
Нет меток, Требуется 1-ая метка записи!
|
MARC
| LEADER | 000000000a22000000004500 | ||
|---|---|---|---|
| 001 | 000160 | ||
| 007 | ta | ||
| 008 | 140424s1983 pa |||g |||| 00| f spa d | ||
| 041 | 0 | |a español | |
| 082 | |a P863.4 B862a | ||
| 100 | 1 | |a Crespo de Britton, Rosa María |d 1936- | |
| 245 | 1 | 3 | |a El ataúd de uso |c Rosa María Britton |
| 250 | |a 1. edición | ||
| 260 | |a Panamá: |b Mariano Arosemena |c 1983 | ||
| 300 | |a 207 páginas | ||
| 490 | 0 | |a Colección Ricardo Miró | |
| 500 | |a Premio Novela Colección Ricardo Miró | ||
| 650 | 4 | |a LITERATURA PANAMEÑA |v NOVELA | |
| 942 | |2 ddc |c BK | ||
| 999 | |c 994 |d 994 | ||
